00518nam a2200193 a 4500001001300000003000900013005001700022008004100039020001300080082001300093100002300106245006600129260003500195300000900230500003500239505001000274650001700284700002300301nice12345678IN_TiNIC20260116012041.0050524s1950 newa grp 000 0 eng  ac134.7500a201bBUT aButtrick, George A aSo We Believe So We Prayb the Essence of Our Christian Faith aNew YorkbAbingdon Pressc1950 a256p aincludes index and biblioraphy2 aIndex aChristianity1 aButtrick, George A